|
|
|
|
| LEADER |
01045cam a2200265 7i4500 |
| 001 |
0000065320 |
| 005 |
20230607090000.0 |
| 020 |
|
|
|a 9781138601857 (electronic book)
|
| 090 |
0 |
0 |
|a QA401
|b .F75 2020
|
| 100 |
1 |
|
|a Fox, William P
|
| 245 |
1 |
0 |
|a Advanced problem solving with Maple :
|b a first course
|c William P. Fox, William C. Bauldry.
|
| 264 |
|
|
|a Boca Raton, FL:
|b CRC Press,
|c 2020.
|
| 300 |
|
|
|a 1 online resource (xi, 334 pages):
|b illustrations, text file, PDF.
|
| 336 |
|
|
|a text
|2 rdacontent
|
| 337 |
|
|
|a computer
|2 rdamedia
|
| 338 |
|
|
|a online resource
|2 rdacarrier
|
| 490 |
0 |
|
|a Textbooks in mathematics
|
| 650 |
|
0 |
|a Maple (Computer file)
|
| 650 |
|
0 |
|a Quantitative research --
|x Data processing
|
| 650 |
|
0 |
|a Problem solving --
|x Data processing
|
| 655 |
|
0 |
|a Electronic books
|
| 856 |
4 |
2 |
|u http://library.unisel.edu.my/web/guest/mylibrary
|
| 997 |
|
|
|a Communication, Visual Art & Computing, Faculty
|b Computing, Department
|
| 998 |
|
|
|a Mathematics with Statistics, Degree
|
| 999 |
|
|
|a EBO0009914
|b EBOOK
|c EBOOK
|e Electronic resources
|